000 00678nam a2200205Ii 4500
003 JO-AjNU
008 230605s9999||||xx |||||||||||||| ||und||
040 _aJO-AjNU
_bara
_erda
_cJO-AjNU
041 _aara
050 1 4 _aK1024.N82.2004
100 3 _a النعيمي، سحر رشيد حميد,
_eauthor
_946514
245 0 0 _aالاتجاهات المختلفة في تنظيم الوكالة التجارية
250 _aط1
264 3 1 _aعمان : دار الثقافة ، 2004
300 _a250ص
336 _atext
_btxt
_2rdacontent
337 _aunmediated
_bn
_2rdamedia
338 _avolume
_bnc
_2rdacarrier
650 4 _aالوكالة التجارية
_946515
999 _aA20242
_c23810
_d23810